[Event "52nd Groningen Open"]
[Site "Groningen NED"]
[Date "2014.12.26"]
[Round "5.5"]
[White "Tiviakov, Sergei"]
[Black "Popilski, Gil"]
[Result "1-0"]
[WhiteTitle "GM"]
[BlackTitle "GM"]
[WhiteElo "2677"]
[BlackElo "2522"]
[WhiteFideId "1008013"]
[BlackFideId "2809060"]
[EventDate "2014.12.21"]

1. e4 c5 2. Nf3 d6 3. Bb5+ Nd7 4. d4 cxd4 5. Qxd4 a6 6. Bxd7+ Bxd7 7. O-O e5 8.
Qd3 h6 9. c4 Nf6 10. Nc3 Be7 11. a4 O-O 12. Be3 b6 13. Rfe1 Qc7 14. Nh4 Rfc8 15.
b3 Rab8 16. Nf5 Bf8 17. Rac1 Rd8 18. f3 Qb7 19. Red1 Bc6 20. Bf2 b5 21. Bh4 g5
22. axb5 axb5 23. Bf2 bxc4 24. bxc4 Bd7 25. Nxd6 Qa6 26. Ra1 Qxd6 27. Qxd6 Bxd6
28. Rxd6 Be6 29. Rxd8+ Rxd8 30. Nd5 Kg7 31. g4 Rc8 32. Nb6 Rc6 33. Ra4 Ne8 34.
c5 Nc7 35. Ra5 h5 36. h3 Ne8 37. Bg3 f6 38. Nd5 Bf7 39. Bf2 Nc7 40. Nb4 Re6 41.
Ra7 Nb5 42. Rb7 Nc3 43. c6 Re8 44. c7 Rc8 45. Bb6 1-0

[Event "52nd Groningen Open"]
[Site "Groningen NED"]
[Date "2014.12.26"]
[Round "5.6"]
[White "Ipatov, Alexander"]
[Black "Baghdasaryan, Vahe"]
[Result "1-0"]
[WhiteTitle "GM"]
[BlackTitle "IM"]
[WhiteElo "2599"]
[BlackElo "2368"]
[WhiteFideId "14116731"]
[BlackFideId "13303139"]
[EventDate "2014.12.21"]

1. d4 e6 2. c4 b6 3. Nf3 Bb7 4. g3 f5 5. Bg2 Nf6 6. O-O Be7 7. d5 O-O 8. Nc3 Na6
9. Nd4 Qc8 10. Bf4 Nh5 11. e3 Nxf4 12. exf4 Bf6 13. Re1 Nb4 14. Rc1 c5 15. Ndb5 1-0

[Event "52nd Groningen Open"]
[Site "Groningen NED"]
[Date "2014.12.26"]
[Round "5.7"]
[White "Brzeski, Maciej"]
[Black "Vocaturo, Daniele"]
[Result "1-0"]
[BlackTitle "GM"]
[WhiteElo "2332"]
[BlackElo "2590"]
[WhiteFideId "1121537"]
[BlackFideId "813192"]
[EventDate "2014.12.21"]

1. e4 e5 2. Nf3 Nc6 3. Bb5 a6 4. Ba4 Nf6 5. O-O Be7 6. Re1 b5 7. Bb3 d6 8. c3
O-O 9. d4 Bg4 10. Be3 exd4 11. cxd4 d5 12. e5 Ne4 13. Nc3 Nxc3 14. bxc3 Na5 15.
Bc2 Nc4 16. h3 Bh5 17. g4 Bg6 18. Bf5 a5 19. Qd3 b4 20. Nd2 Nxe3 21. Rxe3 Bg5
22. Re2 Bxf5 23. gxf5 Bxd2 24. Rxd2 bxc3 25. Rc2 c5 26. dxc5 d4 27. f6 gxf6 28.
Rd1 fxe5 29. Qg3+ Kh8 30. Qxe5+ f6 31. Qxd4 Rg8+ 32. Kf1 Qe7 33. Re1 Qb7 34.
Rxc3 Qg2+ 35. Ke2 Qc6 36. Rd1 Rg5 37. Rdd3 Rc8 38. Qd6 Qe8+ 39. Kd2 Rf5 40. f4
Qg8 41. c6 Qxa2+ 42. Rc2 Qg8 43. c7 Qg2+ 44. Kc3 Qb7 45. Kd2 Qg2+ 46. Kc1 Qg1+
47. Kb2 Rb5+ 48. Rb3 Rxb3+ 49. Kxb3 Qb1+ 50. Kc3 Qa1+ 51. Kd2 Re8 52. Qc5 Qe1+
53. Kd3 Rc8 54. Kc4 a4 55. Kb5 a3 56. Qf5 Qb1+ 57. Kc6 Rf8 58. Kd7 Qb7 59. Ke7
a2 60. Kxf8 a1=Q 61. c8=Q Qg7+ 62. Ke8 Qa4+ 63. Qc6 Qb3 64. Qfe6 1-0

[Event "52nd Groningen Open"]
[Site "Groningen NED"]
[Date "2014.12.26"]
[Round "5.8"]
[White "Raznikov, Danny"]
[Black "Ernst, Sipke"]
[Result "1-0"]
[WhiteTitle "IM"]
[BlackTitle "GM"]
[WhiteElo "2494"]
[BlackElo "2553"]
[WhiteFideId "2811154"]
[BlackFideId "1004689"]
[EventDate "2014.12.21"]

1. d4 d5 2. c4 c6 3. cxd5 cxd5 4. Bf4 Nc6 5. e3 Nf6 6. Nc3 a6 7. Be2 Bf5 8. Nf3
e6 9. Qb3 Ra7 10. O-O Be7 11. Rfc1 O-O 12. Ne5 Na5 13. Qd1 Ne8 14. Na4 Nd6 15.
Bd3 Bxd3 16. Nxd3 Nb5 17. Rc2 Bd6 18. Bxd6 Qxd6 19. Rac1 Nc4 20. b3 Nb6 21. Nxb6
Qxb6 22. Ne5 Qd8 23. a4 Nd6 24. Rc7 a5 25. Rd7 Qb6 26. Rdc7 Qa6 27. h3 b6 28.
R7c6 Ne4 29. f3 Ng3 30. Kf2 Nf5 31. Qe2 Qb7 32. g4 Ne7 33. R6c3 Ng6 34. Nxg6
hxg6 35. Qb5 Rb8 36. Rc6 Kh7 37. g5 Qe7 38. f4 Rab7 39. h4 Qd7 40. Kg3 Qe7 41.
Qd3 Kg8 42. h5 Qe8 43. hxg6 fxg6 44. R1c3 Rd7 45. Qa6 Rdb7 46. Rc7 Rxc7 47. Rxc7
b5 48. axb5 Kh8 49. b6 e5 50. dxe5 Qe6 51. Qa7 Qxb6 52. Rxg7 Qxa7 53. Rxa7 Rxb3
54. Kf2 Rb2+ 55. Kf3 Rb3 56. Ke2 1-0

[Event "52nd Groningen Open"]
[Site "Groningen NED"]
[Date "2014.12.26"]
[Round "5.9"]
[White "Alsina Leal, Daniel"]
[Black "Nakar, Eylon"]
[Result "1-0"]
[WhiteTitle "GM"]
[BlackTitle "IM"]
[WhiteElo "2540"]
[BlackElo "2419"]
[WhiteFideId "2252627"]
[BlackFideId "2811111"]
[EventDate "2014.12.21"]

1. e4 c5 2. Nf3 d6 3. Bb5+ Nd7 4. O-O Nf6 5. Re1 a6 6. Bd3 b5 7. c3 Bb7 8. Bc2
Qc7 9. d4 cxd4 10. cxd4 Rc8 11. Bd3 Nxe4 12. a4 b4 13. Nbd2 Nef6 14. Qe2 a5 15.
Bb5 e6 16. Nc4 Be7 17. Bg5 Rd8 18. Rac1 O-O 19. Nce5 Bxf3 20. Qxf3 Qxc1 21. Bxc1
dxe5 22. dxe5 Nd5 23. h4 Nc5 24. h5 h6 25. Qg4 Kh8 26. Be3 Nxe3 27. Rxe3 Bg5 28.
Re1 Rd2 29. Re2 Rd1+ 30. Kh2 Rfd8 31. Qf3 Kg8 32. Rc2 R1d5 33. g3 Rxe5 34. Kg2
Be7 35. Re2 Red5 36. Bc4 Rd4 37. b3 Re8 38. Re1 Red8 39. Qc6 R8d7 40. Re5 Nb7
41. Rxe6 Nd8 42. Qc8 Rd2 43. Re5 Kh7 44. Rxa5 Bf6 45. Ra8 g6 46. hxg6+ fxg6 47.
Ra6 Be5 48. Qa8 Bd4 49. Qe4 Rxf2+ 50. Kh3 Bf6 51. Qe8 Rg7 52. Rxf6 Rxf6 53. Qxd8 1-0

[Event "52nd Groningen Open"]
[Site "Groningen NED"]
[Date "2014.12.26"]
[Round "5.10"]
[White "Brandenburg, Daan"]
[Black "Hoeksema, Hendrik Pieter"]
[Result "1/2-1/2"]
[WhiteTitle "GM"]
[BlackTitle "IM"]
[WhiteElo "2530"]
[BlackElo "2342"]
[WhiteFideId "1011014"]
[BlackFideId "1000454"]
[EventDate "2014.12.21"]

1. e4 c5 2. Nf3 d6 3. d4 cxd4 4. Nxd4 Nf6 5. Nc3 Nc6 6. Bg5 e6 7. Qd2 a6 8.
O-O-O Be7 9. f4 Nxd4 10. Qxd4 b5 11. Bxf6 gxf6 12. e5 fxe5 13. fxe5 d5 14. Bd3
Bb7 15. Rhf1 Rg8 16. Bxh7 Rxg2 17. Rg1 Rxg1 18. Rxg1 Qc7 19. Rg8+ Kd7 20. Rg7
Rf8 21. h4 Qc4 22. Qxc4 dxc4 23. h5 Bc5 24. Be4 Be3+ 25. Kd1 Bc8 26. Rg4 Rh8 27.
Bf3 Ke7 28. Ke2 Bc1 29. b3 Rxh5 30. bxc4 Rxe5+ 31. Kf2 Rc5 32. Ne2 Bh6 33. cxb5
axb5 34. Be4 Rc4 35. Rg8 Bd7 36. Bd3 Rc5 37. Rb8 Bg7 38. Ke3 Rh5 39. Rb7 Kd6 40.
Kd2 Rc5 41. c3 Rh5 42. Kc2 Rh2 43. Kd1 Rh5 44. Kc2 Rh2 45. Kd1 Rh1+ 46. Kc2 Ra1
47. Ra7 Be5 48. Ra6+ Kc7 49. Ra7+ Kd6 50. Ra6+ Kc7 51. Ra7+ 1/2-1/2

[Event "52nd Groningen Open"]
[Site "Groningen NED"]
[Date "2014.12.26"]
[Round "5.12"]
[White "De Jong, Migchiel"]
[Black "Hovhannisyan, Mher"]
[Result "0-1"]
[WhiteTitle "IM"]
[BlackTitle "IM"]
[WhiteElo "2320"]
[BlackElo "2511"]
[WhiteFideId "1002848"]
[BlackFideId "13300865"]
[EventDate "2014.12.21"]

1. e4 e6 2. d4 d5 3. Nc3 Nf6 4. Bg5 Bb4 5. e5 h6 6. Bd2 Bxc3 7. Bxc3 Ne4 8. Bb4
c5 9. Bxc5 Nxc5 10. dxc5 Nd7 11. Nf3 Nxc5 12. Qd4 Qb6 13. a4 a5 14. Bb5+ Bd7 15.
Bxd7+ Nxd7 16. Qxb6 Nxb6 17. b3 Nd7 18. Kd2 Ke7 19. Rhe1 g5 20. Nd4 g4 21. Re3
Rhg8 22. h4 gxh3 23. g3 Rg4 24. Ne2 d4 25. Rf3 Nxe5 26. Rf4 Rd8 27. Rxg4 Nxg4
28. f3 Ne5 29. f4 Ng4 30. Rh1 h2 31. Nc1 f6 32. Nd3 e5 33. fxe5 fxe5 34. Ke2 e4
35. Nf4 Rc8 36. Kd2 e3+ 37. Kc1 Kf6 0-1

[Event "52nd Groningen Open"]
[Site "Groningen NED"]
[Date "2014.12.26"]
[Round "5.13"]
[White "Svane, Rasmus"]
[Black "Van Foreest, Lucas"]
[Result "1-0"]
[WhiteTitle "IM"]
[WhiteElo "2507"]
[BlackElo "2319"]
[WhiteFideId "4657101"]
[BlackFideId "1039792"]
[EventDate "2014.12.21"]

1. c4 Nf6 2. Nc3 e5 3. Nf3 Nc6 4. e3 d5 5. cxd5 Nxd5 6. Bb5 Nxc3 7. bxc3 Bd6 8.
d4 exd4 9. cxd4 O-O 10. O-O Bf5 11. Bd3 Qf6 12. Rb1 Nb4 13. Bxf5 Qxf5 14. Bd2 a5
15. a3 Nc2 16. Rxb7 Nxa3 17. Qa4 Qd5 18. Rb3 Nc4 19. e4 Qe6 20. Ng5 Qh6 21. Rh3
Nxd2 22. Rxh6 gxh6 23. Rd1 Bb4 24. Nf3 Nxe4 25. Qc2 Nc3 26. Ra1 Rfe8 27. Ne5 Re7
28. g3 Ra6 29. Qf5 Rd6 30. Kg2 Kg7 31. Qg4+ Kf8 32. Qc8+ Kg7 33. Nc4 Rf6 34. Ne3
Re4 35. g4 Ref4 36. Nf5+ R6xf5 37. gxf5 Ne4 38. Ra2 Nd6 39. Qxc7 Rxd4 40. Qe7
Nxf5 41. Qe5+ Kg6 42. Rc2 Rg4+ 43. Kf3 Rg5 44. Rc6+ Kh5 45. Qf6 Kh4 46. Rc4+ Kh3
47. Rf4 Rg3+ 48. hxg3 Bc3 49. Qh4+ Nxh4+ 50. Rxh4# 1-0

[Event "52nd Groningen Open"]
[Site "Groningen NED"]
[Date "2014.12.26"]
[Round "5.14"]
[White "Azaladze, Shota"]
[Black "Sreeves, Clement"]
[Result "1-0"]
[WhiteTitle "IM"]
[WhiteElo "2499"]
[BlackElo "2284"]
[WhiteFideId "13603027"]
[BlackFideId "2402564"]
[EventDate "2014.12.21"]

1. g3 Nf6 2. Bg2 g6 3. e4 d6 4. d4 Bg7 5. Nc3 O-O 6. Nge2 Nc6 7. O-O Re8 8. d5
Nb4 9. a3 Na6 10. Nd4 e6 11. dxe6 fxe6 12. e5 dxe5 13. Nf3 Qxd1 14. Rxd1 Nd5 15.
Ne4 Bd7 16. Re1 Bc6 17. b4 Nc3 18. Nfg5 Nxe4 19. Nxe4 Nb8 20. c4 a6 21. Be3 Nd7
22. Rad1 Nb6 23. Bxb6 cxb6 24. Nd6 Re7 25. Bxc6 bxc6 26. Ne4 h6 27. Rd6 Rc8 28.
Red1 Kf8 29. Kf1 Ke8 30. Ke2 Bh8 31. R6d3 Ra8 32. Rf3 Bg7 33. Nd6+ Kd8 34. Nf5+
Rd7 35. Nxg7 Rxd1 36. Rf8+ Ke7 37. Rxa8 Rd7 38. Rxa6 Kf7 39. Rxb6 Rc7 40. Nxe6
Kxe6 41. b5 1-0

[Event "52nd Groningen Open"]
[Site "Groningen NED"]
[Date "2014.12.26"]
[Round "5.15"]
[White "Dobrov, Vladimir"]
[Black "Mohammad, Nubairshah Shaikh"]
[Result "1-0"]
[WhiteTitle "GM"]
[WhiteElo "2495"]
[BlackElo "2275"]
[WhiteFideId "4136594"]
[BlackFideId "5053196"]
[EventDate "2014.12.21"]

1. Nf3 d5 2. c4 c6 3. e3 Nf6 4. Nc3 g6 5. b3 Bg7 6. Bb2 O-O 7. h3 c5 8. cxd5
Nxd5 9. Bc4 Nb4 10. d4 cxd4 11. Nxd4 a6 12. O-O b5 13. Be2 Ra7 14. a4 Rd7 15.
Qb1 e5 16. Nf3 bxa4 17. Nxa4 Re8 18. Rc1 Rd6 19. Nc5 Nd7 20. Ne4 Rb6 21. Bc4 h6
22. Rd1 Qe7 23. Ra5 Kh7 24. Bxf7 Qxf7 25. Nfg5+ hxg5 26. Nxg5+ Kg8 27. Nxf7 Kxf7
28. Qe4 Nc6 29. Qc4+ Re6 30. Rad5 Ke8 31. Ba3 Bf8 32. Rd6 Rxd6 33. Bxd6 Bxd6 34.
Rxd6 Ne7 35. Rxb6 Nxb6 36. Qc7 Nd7 37. e4 Kf7 38. b4 Ke6 39. h4 Nf6 40. g3 Ne8
41. Qc5 Nd6 42. f3 Bd7 43. g4 Bb5 44. Kg2 Ne8 45. Qc1 Nf6 46. Qg5 Be8 47. Qd2
Bb5 48. Qa2+ Kd6 49. Qf7 Nfg8 50. Kf2 Bd7 51. Qf8 Ke6 52. Ke3 Nf6 53. Qg7 Be8
54. Qh8 Kf7 55. g5 Nd7 56. Kf2 Ng8 57. Kg1 Kf8 58. Kf2 Kf7 59. Ke3 Kf8 60. Kd2
Kf7 61. Kc3 Kf8 62. Kb3 Kf7 63. Ka4 Nb8+ 64. Ka5 Nc6+ 65. Kb6 Kf8 66. Kc5 Bd7
67. Kd6 Be8 68. Kc5 Bd7 69. Qh7 Nge7 70. Qh8+ Ng8 71. Kd5 Be8 72. Kd6 Nd8 73.
Qh7 Nf7+ 74. Kc5 Ne7 75. h5 Nd8 76. Qh8+ Ng8 77. h6 Bf7 78. Qxe5 Ne6+ 79. Kb6
Ne7 80. Qb8+ 1-0

[Event "52nd Groningen Open"]
[Site "Groningen NED"]
[Date "2014.12.26"]
[Round "5.16"]
[White "Wan, Yunguo"]
[Black "Wempe, Joost"]
[Result "1-0"]
[WhiteTitle "IM"]
[WhiteElo "2482"]
[BlackElo "2262"]
[WhiteFideId "8603189"]
[BlackFideId "1005502"]
[EventDate "2014.12.21"]

1. e4 e6 2. d4 d5 3. Nc3 Nf6 4. e5 Nfd7 5. f4 c5 6. Nf3 Nc6 7. Be3 Be7 8. Qd2
O-O 9. Be2 b6 10. O-O Bb7 11. Nd1 cxd4 12. Nxd4 Nxd4 13. Bxd4 Nc5 14. Nf2 a5 15.
Rfe1 Qc7 16. Bg4 Kh8 17. c3 f5 18. exf6 Bxf6 19. g3 Ne4 20. Qe3 e5 21. Bxb6 Qc6
22. Nxe4 dxe4 23. fxe5 Bxe5 24. Qc5 Qg6 25. Rf1 Rfe8 26. Bf5 Qh5 27. Bd7 h6 28.
Rf5 Qe2 29. Bxe8 Rxe8 30. Rxe5 Rxe5 31. Qxe5 Qxb2 32. Rf1 Qxb6+ 33. Qd4 Qb2 34.
Qc5 1-0

[Event "52nd Groningen Open"]
[Site "Groningen NED"]
[Date "2014.12.26"]
[Round "5.17"]
[White "Baskin, Robert"]
[Black "Biolek, Richard Jr."]
[Result "1/2-1/2"]
[BlackTitle "IM"]
[WhiteElo "2287"]
[BlackElo "2446"]
[WhiteFideId "24662402"]
[BlackFideId "319996"]
[EventDate "2014.12.21"]

1. e4 e5 2. Nf3 Nc6 3. Bb5 a6 4. Ba4 Nf6 5. d3 Bc5 6. Bxc6 dxc6 7. Be3 Qe7 8.
Nc3 Bg4 9. h3 Bh5 10. Bxc5 Qxc5 11. g4 Bg6 12. Qe2 O-O-O 13. O-O-O Qe7 14. Nh4
Ne8 15. Nxg6 hxg6 16. Qe3 Qf6 17. g5 Qe7 18. f4 exf4 19. Qxf4 Nd6 20. Rdf1 Kb8 1/2-1/2

[Event "52nd Groningen Open"]
[Site "Groningen NED"]
[Date "2014.12.26"]
[Round "5.18"]
[White "Klekowski, Maciej"]
[Black "Salov, Sergej"]
[Result "1-0"]
[BlackTitle "IM"]
[WhiteElo "2418"]
[BlackElo "2256"]
[WhiteFideId "1132717"]
[BlackFideId "4107926"]
[EventDate "2014.12.21"]

1. c4 Nf6 2. Nc3 c6 3. e4 d5 4. e5 Ne4 5. Nf3 Bf5 6. Nh4 Be6 7. Qb3 Nc5 8. Qa3
Nbd7 9. d4 Ne4 10. c5 b6 11. b4 a5 12. b5 Nxc3 13. Qxc3 Qc7 14. f4 g6 15. bxc6
Qxc6 16. Rb1 bxc5 17. Bb5 Qc7 18. Qxc5 Rc8 19. Ba4 Qd8 20. Qa3 Bg7 21. f5 gxf5
22. Qg3 Kf8 23. O-O Nb6 24. Bb5 Nc4 25. Nxf5 1-0

[Event "52nd Groningen Open"]
[Site "Groningen NED"]
[Date "2014.12.26"]
[Round "5.20"]
[White "Kerigan, Demre"]
[Black "Kevlishvili, Robby"]
[Result "1-0"]
[WhiteTitle "FM"]
[BlackTitle "FM"]
[WhiteElo "2277"]
[BlackElo "2366"]
[WhiteFideId "6307841"]
[BlackFideId "1040634"]
[EventDate "2014.12.21"]

1. e4 c5 2. Nf3 d6 3. Bb5+ Bd7 4. Bxd7+ Qxd7 5. O-O Nc6 6. c3 Nf6 7. d4 Nxe4 8.
d5 Nb8 9. Re1 Nf6 10. Bg5 Qc7 11. c4 Nbd7 12. Nc3 a6 13. Qa4 O-O-O 14. a3 h6 15.
Bxf6 gxf6 16. Qc2 Rg8 17. b4 Kb8 18. Rab1 cxb4 19. Rxb4 a5 20. Nb5 Qc5 21. Rb2
Rg4 22. Nbd4 Rxd4 23. Rb5 Qa7 24. Reb1 Rg4 25. h3 Rg8 26. Nd4 Ka8 27. Rxb7 Qxb7
28. Rxb7 Kxb7 29. Qa4 Nb6 30. Qc6+ Ka6 31. Qb5+ Kb7 32. Nb3 Rc8 33. Nxa5+ Ka7
34. Nc6+ Rxc6 35. Qxc6 Bg7 36. Qc7+ Ka6 37. Qxe7 Rc8 38. Qxf7 Bf8 39. Qxf6 Nxc4
40. Qf5 Nb6 41. Qf7 Kb5 42. Qb7 Rc4 43. g4 Ra4 44. Qf7 Ra8 45. h4 Ka6 46. g5
hxg5 47. hxg5 Nc4 48. f4 Rb8 49. Qc7 Rb1+ 50. Kf2 Nb6 51. Qf7 Nxd5 52. Qxd5 Rb7
53. f5 Kb6 54. f6 Ka6 55. Qxb7+ Kxb7 56. g6 1-0

[Event "52nd Groningen Open"]
[Site "Groningen NED"]
[Date "2014.12.26"]
[Round "5.21"]
[White "Lyell, Mark"]
[Black "Beukema, Stefan"]
[Result "1/2-1/2"]
[WhiteTitle "FM"]
[BlackTitle "FM"]
[WhiteElo "2236"]
[BlackElo "2364"]
[WhiteFideId "402354"]
[BlackFideId "1024523"]
[EventDate "2014.12.21"]

1. e4 e5 2. Nf3 Nc6 3. d4 exd4 4. Nxd4 Nf6 5. Nxc6 bxc6 6. e5 Qe7 7. Qe2 Nd5 8.
c4 Ba6 9. Nd2 Nb6 10. b3 Qe6 11. Bb2 O-O-O 12. O-O-O Bb4 13. f4 Rhe8 14. Qf2 Kb7
15. g3 d5 16. exd6 Rxd6 17. a3 Bxd2+ 18. Rxd2 Qe1+ 19. Qxe1 Rxe1+ 20. Kc2 Nd5
21. Bd4 Ne3+ 22. Bxe3 Rxe3 23. Rxd6 cxd6 24. Bd3 d5 25. Kd2 d4 26. b4 Kc7 27.
Re1 Rxe1 28. Kxe1 h6 29. a4 c5 30. b5 Bb7 31. a5 Kd6 32. Kf2 Ke6 33. Be2 Kd6 34.
Bf3 Bxf3 35. Kxf3 f5 36. Ke2 1/2-1/2

[Event "52nd Groningen Open"]
[Site "Groningen NED"]
[Date "2014.12.26"]
[Round "5.22"]
[White "Burcu, Cagatay"]
[Black "Berkovich, Mark A"]
[Result "1/2-1/2"]
[BlackTitle "IM"]
[WhiteElo "2149"]
[BlackElo "2362"]
[WhiteFideId "6310630"]
[BlackFideId "2801639"]
[EventDate "2014.12.21"]

1. d4 Nf6 2. c4 e6 3. Nf3 b6 4. g3 Bb7 5. Bg2 Be7 6. O-O O-O 7. d5 exd5 8. Nh4
Ne4 9. cxd5 Bxh4 10. Bxe4 Bf6 11. Nc3 Re8 12. Qc2 Bxc3 13. bxc3 h6 14. c4 Qe7
15. Bf3 d6 16. Bb2 Nd7 17. e4 c6 18. e5 cxd5 19. exd6 Qxd6 20. cxd5 Ne5 21. Bg2
Rac8 22. Qf5 Qd7 23. Qxd7 Nxd7 24. Rfe1 Nc5 25. Rxe8+ Rxe8 26. Rd1 Rd8 27. Be5
Kf8 28. Bc7 Rd7 29. Bb8 a6 30. Rd2 Ke8 31. h4 Kd8 32. g4 Na4 33. Be5 f6 34. Ba1
Rc7 35. Kh2 Rc4 36. Kg3 b5 37. g5 hxg5 38. hxg5 fxg5 39. Bxg7 Nc3 40. Bf6+ Kd7
41. Bxg5 Ne4+ 42. Bxe4 Rxe4 43. Bf4 Rc4 44. Kf3 Rc5 45. Ke4 Rxd5 46. Rxd5+ 1/2-1/2

[Event "52nd Groningen Open"]
[Site "Groningen NED"]
[Date "2014.12.26"]
[Round "5.23"]
[White "Pijpers, Arthur"]
[Black "Mollema, Thomas"]
[Result "1-0"]
[WhiteElo "2355"]
[BlackElo "2136"]
[WhiteFideId "1019554"]
[BlackFideId "1034987"]
[EventDate "2014.12.21"]

1. e4 e5 2. Nf3 Nc6 3. Bb5 a6 4. Ba4 Nf6 5. O-O Be7 6. Re1 b5 7. Bb3 d6 8. c3
O-O 9. h3 a5 10. d4 a4 11. Bc2 Bd7 12. Na3 Rb8 13. Qe2 b4 14. Nc4 b3 15. axb3
axb3 16. dxe5 Nxe5 17. Nfxe5 dxe5 18. Bd3 Bd6 19. Bg5 h6 20. Bh4 Be6 21. Ra5
Bxc4 22. Bxc4 g5 23. Bg3 Nd7 24. Qd1 Qe7 25. Re2 Rb6 26. f3 Rfb8 27. Rd2 Bc5+
28. Kh2 Rd6 29. Rd5 Be3 30. Bxb3 Nb6 31. Rxd6 cxd6 32. Ba2 Bf4 33. Bxf4 gxf4 34.
Qe1 Ra8 35. b4 Qc7 36. Qh4 Kg7 37. Qg4+ Kh7 38. Qf5+ Kg7 39. Qg4+ Kh7 40. Bb3
Rf8 41. Qf5+ Kg7 42. Qg4+ Kh7 43. Ra6 Nc8 44. Qf5+ Kg7 45. Qg4+ Kh7 46. Ra8 Rg8
47. Qf5+ Kg7 48. Bd5 Rf8 49. Qg4+ Kf6 50. c4 Rd8 51. Qf5+ Kg7 52. Rb8 Nb6 53.
Rxb6 Qxb6 54. Qxf7+ Kh8 55. Qg6 Qxb4 56. Qxh6# 1-0

[Event "52nd Groningen Open"]
[Site "Groningen NED"]
[Date "2014.12.26"]
[Round "5.24"]
[White "Simonian, Tigran"]
[Black "Warmerdam, Max"]
[Result "1-0"]
[WhiteTitle "IM"]
[WhiteElo "2406"]
[BlackElo "2123"]
[WhiteFideId "13303597"]
[BlackFideId "1048104"]
[EventDate "2014.12.21"]

1. d4 Nf6 2. c4 g6 3. Nc3 Bg7 4. e4 d6 5. h3 O-O 6. Bg5 Na6 7. Bd3 e5 8. d5 Qe8
9. Nge2 Nd7 10. a3 f5 11. b4 f4 12. f3 h6 13. Bh4 g5 14. Bf2 h5 15. c5 g4 16.
hxg4 hxg4 17. c6 Nf6 18. cxb7 Bxb7 19. Bc4 Rf7 20. Qd3 Nb8 21. Rc1 a5 22. b5
Nbd7 23. Na4 Qd8 24. Bb3 Nh7 25. Kd2 Bf6 26. Rc6 g3 27. Bg1 Nhf8 28. Qc2 Rc8 29.
Ke1 Kg7 30. Qc3 Re7 31. Qxa5 Bxc6 32. dxc6 Nc5 33. Nxc5 dxc5 34. Qd2 Ne6 35.
Bxe6 Rxe6 36. Bxc5 Qe8 37. Nc3 Be7 38. Qd5 Bd6 39. Qc4 Qe7 40. Nd5 Qf8 41. Nxc7
Rg6 42. Ne6+ Rxe6 43. Qxe6 Bxc5 44. Qg4+ Kf6 45. Qf5+ Ke7 46. Rh7+ Kd6 47. Rd7# 1-0

[Event "52nd Groningen Open"]
[Site "Groningen NED"]
[Date "2014.12.26"]
[Round "5.25"]
[White "Dehn, Marcus"]
[Black "Chu, Wei Chao"]
[Result "1/2-1/2"]
[BlackTitle "IM"]
[WhiteElo "2169"]
[BlackElo "2361"]
[WhiteFideId "4667093"]
[BlackFideId "8605661"]
[EventDate "2014.12.21"]

1. d4 Nf6 2. Nf3 e6 3. g3 b6 4. Bg2 Bb7 5. O-O c5 6. c3 Be7 7. Nbd2 O-O 8. Re1
d5 9. Ne5 Nbd7 10. Ndf3 Nxe5 11. Nxe5 Bd6 12. Bg5 Re8 13. Ng4 Be7 14. Nxf6+ Bxf6
15. Bxf6 Qxf6 16. f4 cxd4 17. cxd4 Rec8 18. Qd2 Rc4 19. e3 Qe7 20. Rec1 Rac8 21.
Bf1 R4c7 22. a3 g6 23. Bd3 Kg7 24. Kf2 Qd6 25. Rxc7 Qxc7 26. Ke1 f6 27. Kd1 Bc6
28. Ba6 Ba4+ 29. Ke1 Re8 30. Rc1 Qd7 31. Qc3 Re7 32. Be2 Bb5 33. Qc8 Bxe2 34.
Qxd7 Rxd7 35. Kxe2 Kf7 1/2-1/2

[Event "52nd Groningen Open"]
[Site "Groningen NED"]
[Date "2014.12.26"]
[Round "5.26"]
[White "Kolbus, Dietmar"]
[Black "Stegariu, Alexandru"]
[Result "1/2-1/2"]
[WhiteTitle "IM"]
[WhiteElo "2317"]
[BlackElo "2156"]
[WhiteFideId "4610628"]
[BlackFideId "1218042"]
[EventDate "2014.12.21"]

1. c4 c5 2. Nf3 Nf6 3. Nc3 Nc6 4. d4 cxd4 5. Nxd4 g6 6. e4 d6 7. Be2 Bg7 8. Be3
O-O 9. O-O Nxd4 10. Bxd4 Bd7 11. Qd2 Bc6 12. f3 a5 13. b3 Nd7 14. Be3 Nc5 15.
Rab1 Qc7 16. Rfc1 Rfc8 17. Rc2 Qd7 18. a3 Qd8 19. Bf1 Qd7 20. Bf2 Bxc3 21. Qxc3
b5 22. Bxc5 dxc5 23. cxb5 Bxb5 24. Rd2 Qb7 25. Bxb5 Qxb5 26. Rbd1 c4 27. bxc4
Qc5+ 28. Kf1 Qxc4+ 29. Qxc4 Rxc4 30. Rd4 Rac8 31. Rxc4 Rxc4 32. Ke2 Rc2+ 33. Rd2
Rc3 34. Rd3 Rc2+ 35. Rd2 1/2-1/2

[Event "52nd Groningen Open"]
[Site "Groningen NED"]
[Date "2014.12.26"]
[Round "5.27"]
[White "Chen, Yibo"]
[Black "Dijkhuis, Tycho"]
[Result "0-1"]
[BlackTitle "FM"]
[WhiteElo "2156"]
[BlackElo "2317"]
[WhiteFideId "8605815"]
[BlackFideId "1036564"]
[EventDate "2014.12.21"]

1. d4 Nf6 2. Nf3 g6 3. g3 c5 4. c4 b6 5. Bg2 Bb7 6. d5 e6 7. Nc3 exd5 8. Nxd5
Nxd5 9. cxd5 d6 10. Bd2 Bg7 11. Bc3 O-O 12. O-O f6 13. Ne1 Na6 14. Nd3 Nc7 15.
Nf4 Re8 16. a4 Qe7 17. Re1 f5 18. e4 fxe4 19. Rxe4 Qf7 20. Qd2 Rxe4 21. Bxe4 Re8
22. Bg2 Bh6 23. Rd1 Rf8 24. Qe2 Bxf4 25. gxf4 Bxd5 26. Bxd5 Nxd5 27. Rxd5 Qxd5
28. Qe7 Qf7 29. Qxd6 Qxf4 30. Qe6+ Qf7 31. Qe3 Re8 32. Qg3 a6 33. h4 b5 34. axb5
axb5 35. b4 Qb3 0-1

[Event "52nd Groningen Open"]
[Site "Groningen NED"]
[Date "2014.12.26"]
[Round "5.28"]
[White "Lomasov, Semen"]
[Black "Al-Hajiri, Bader"]
[Result "1-0"]
[BlackTitle "CM"]
[WhiteElo "2305"]
[BlackElo "2139"]
[WhiteFideId "24164879"]
[BlackFideId "10300163"]
[EventDate "2014.12.21"]

1. e4 e5 2. Nf3 Nc6 3. Bb5 a6 4. Ba4 Nf6 5. O-O Nxe4 6. d4 b5 7. Bb3 d5 8. dxe5
Be6 9. Be3 Be7 10. c3 Qd7 11. Nbd2 Bg4 12. Nxe4 dxe4 13. Qxd7+ Bxd7 14. Nd2 Nxe5
15. Nxe4 O-O 16. Bc5 Rfe8 17. Bxe7 Rxe7 18. Nc5 Bc6 19. Rfe1 Rae8 20. Re3 a5 21.
a4 Nc4 22. Rxe7 Rxe7 23. axb5 Bxb5 24. Bxc4 Bxc4 25. h3 f5 26. Rxa5 Re1+ 27. Kh2
Rb1 28. Ra4 Bb5 29. Rb4 Bc6 30. Ne6 h6 31. Rb8+ Kh7 32. Nf8+ Kg8 33. Ne6+ Kh7
34. Nxc7 Rf1 35. Rb6 Bd7 36. f3 Rd1 37. Ne6 Kg8 38. Nd4 Kf7 39. Rd6 1-0